Statistics for Complete the Metallica Song Title

Click here to take the quiz!

General Stats

  • This quiz has been taken 43 times
  • The average score is 21 of 26

Answer Stats

HintAnswer% Correct
Ride TheLightning
100%
Master OfPuppets
100%
EnterSandman
100%
Fade ToBlack
97%
The FourHorsemen
97%
Hero Of TheDay
95%
The MemoryRemains
95%
The God ThatFailed
92%
CreepingDeath
89%
Trapped UnderIce
86%
My Friend OfMisery
86%
Now That We'reDead
84%
DisposableHeroes
81%
All NightmareLong
81%
LeperMessiah
81%
MetalMilitia
76%
Here ComesRevenge
76%
The Frayed Ends OfSanity
76%
The ShortestStraw
76%
InvisibleKid
73%
KingNothing
73%
DirtyWindow
70%
Shoot MeAgain
68%
Through TheNever
65%
BadSeed
57%
The OutlawTorn
57%

Score Distribution

Percentile by Number Answered

Percent of People with Each Score

Your Score History

You have not taken this quiz